000 00447nam a2200169Ia 4500
005 20260122095500.0
008 260121s9999||||xx |||||||||||||| ||und||
020 _a9781447173625
082 _a512.72
_bSCH
100 _aSchneider, Peter
245 0 _aModular representation theory of finite groups /
260 _aLondon :
_bSpringer,
_c2018.
300 _avi, 178 p.; pbk
650 _aFinite Groups
650 _aModule Theory
942 _cTB
999 _c48182
_d48182